International cooperation at a crossroads : Aid, trade and security in an unequal world
Na minha lista:
| Formato: | Livro |
|---|---|
| Idioma: | Undetermined |
| Publicado em: |
New York
United Nations Development Programme (UNDP)
2005
|
| Assuntos: | |
| Tags: |
Adicionar Tag
Sem tags, seja o primeiro a adicionar uma tag!
|
| Thư viện lưu trữ: | Trung tâm Học liệu Trường Đại học Cần Thơ |
|---|
| LEADER | 00586nam a2200181Ia 4500 | ||
|---|---|---|---|
| 001 | CTU_115595 | ||
| 008 | 210402s9999 xx 000 0 und d | ||
| 082 | |a 330.9 | ||
| 082 | |b I.61 | ||
| 245 | 0 | |a International cooperation at a crossroads : | |
| 245 | 0 | |b Aid, trade and security in an unequal world | |
| 260 | |a New York | ||
| 260 | |b United Nations Development Programme (UNDP) | ||
| 260 | |c 2005 | ||
| 650 | |a Developing countries,Developing countries | ||
| 650 | |x Economic conditions,Economic aspects | ||
| 904 | |i Minh | ||
| 980 | |a Trung tâm Học liệu Trường Đại học Cần Thơ | ||